[Event "Deutscher Mix-Teampokal U12 2025"]
[Site "Bad Homburg GER"]
[Date "2025.07.20"]
[Round "5"]
[White "Xu, Dorothea Sicheng"]
[Black "Satheesh, Dharshini"]
[Result "1-0"]
[Termination "normal"]
[Board "3.3"]
[WhiteElo "1581"]
[BlackElo "1608"]
[WhiteClock "00:03:03"]
[BlackClock "00:08:22"]
[WhiteTeam "SK Bad Homburg 1927"]
[BlackTeam "Düsseldorfer SK 14/25"]
[PlyCount "127"]
[WhiteFideId "34667539"]
[BlackFideId "34655441"]
[EventCountry "GER"]
[EventRounds "5"]
[EventType "team-swiss"]
[EventDate "2025.07.18"]

1. e4 {[%clk 00:55:09]} e5 {[%clk 00:55:07]} {[%emt 00:00:04]} 2. Nf3 {[%clk
00:55:10]} {[%emt 00:00:04]} Nf6 {[%clk 00:55:08]} {[%emt 00:00:03]} 3. Nxe5
{[%clk 00:55:10]} {[%emt 00:00:07]} d6 {[%clk 00:55:08]} {[%emt 00:00:04]} 4.
Nf3 {[%clk 00:55:10]} {[%emt 00:00:04]} Nxe4 {[%clk 00:55:08]} {[%emt
00:00:05]} 5. Nc3 {[%clk 00:55:10]} {[%emt 00:00:06]} Nxc3 {[%clk 00:55:08]}
{[%emt 00:00:05]} 6. dxc3 {[%clk 00:55:03]} {[%emt 00:00:12]} Nc6 {[%clk
00:54:54]} {[%emt 00:00:18]} 7. Bd3 {[%clk 00:54:27]} {[%emt 00:00:42]} Be7
{[%clk 00:54:12]} {[%emt 00:00:44]} 8. O-O {[%clk 00:54:15]} {[%emt 00:00:20]}
O-O {[%clk 00:53:30]} {[%emt 00:00:46]} 9. h3 {[%clk 00:53:40]} {[%emt
00:00:40]} Be6 {[%clk 00:51:52]} {[%emt 00:01:42]} 10. Re1 {[%clk 00:52:05]}
{[%emt 00:01:41]} Re8 {[%clk 00:48:18]} {[%emt 00:03:39]} 11. Bf4 {[%clk
00:49:29]} {[%emt 00:02:41]} d5 {[%clk 00:45:18]} {[%emt 00:03:05]} 12. Qd2
{[%clk 00:47:13]} {[%emt 00:02:22]} Qd7 {[%clk 00:40:09]} {[%emt 00:05:13]} 13.
Rad1 {[%clk 00:42:47]} {[%emt 00:04:32]} Bd6 {[%clk 00:37:09]} {[%emt
00:03:05]} 14. Bxd6 {[%clk 00:38:20]} {[%emt 00:04:31]} Qxd6 {[%clk 00:35:49]}
{[%emt 00:01:24]} 15. Qg5 {[%clk 00:34:22]} {[%emt 00:04:04]} g6 {[%clk
00:30:36]} {[%emt 00:05:18]} 16. Qh6 {[%clk 00:31:33]} {[%emt 00:02:55]} Qf8
{[%clk 00:30:13]} {[%emt 00:00:25]} 17. Qh4 {[%clk 00:29:52]} {[%emt 00:01:49]}
Qg7 {[%clk 00:28:46]} {[%emt 00:01:31]} 18. Ng5 {[%clk 00:27:53]} {[%emt
00:02:05]} Rac8 {[%clk 00:23:40]} {[%emt 00:05:10]} 19. Re3 {[%clk 00:24:59]}
{[%emt 00:02:59]} h6 {[%clk 00:22:23]} {[%emt 00:01:22]} 20. Nxe6 {[%clk
00:23:48]} {[%emt 00:01:16]} Rxe6 {[%clk 00:22:20]} {[%emt 00:00:08]} 21. Rde1
{[%clk 00:22:15]} {[%emt 00:01:39]} Rce8 {[%clk 00:22:04]} {[%emt 00:00:20]}
22. Rxe6 {[%clk 00:21:15]} {[%emt 00:01:06]} Rxe6 {[%clk 00:21:55]} {[%emt
00:00:13]} 23. Rxe6 {[%clk 00:21:12]} {[%emt 00:00:08]} fxe6 {[%clk 00:21:55]}
{[%emt 00:00:05]} 24. Qg4 {[%clk 00:20:52]} {[%emt 00:00:25]} Nd8 {[%clk
00:20:58]} {[%emt 00:01:02]} 25. Qxg6 {[%clk 00:19:58]} {[%emt 00:01:00]} Qxg6
{[%clk 00:20:56]} {[%emt 00:00:07]} 26. Bxg6 {[%clk 00:19:58]} {[%emt
00:00:05]} Kg7 {[%clk 00:20:52]} {[%emt 00:00:09]} 27. Bd3 {[%clk 00:19:04]}
{[%emt 00:00:59]} Nc6 {[%clk 00:20:02]} {[%emt 00:00:54]} 28. f4 {[%clk
00:17:32]} {[%emt 00:01:38]} Kf6 {[%clk 00:19:17]} {[%emt 00:00:49]} 29. Kf2
{[%clk 00:16:38]} {[%emt 00:01:00]} Ne7 {[%clk 00:16:27]} {[%emt 00:02:55]} 30.
Ke3 {[%clk 00:15:34]} {[%emt 00:01:09]} Nc6 {[%clk 00:16:10]} {[%emt 00:00:22]}
31. g4 {[%clk 00:14:59]} {[%emt 00:00:39]} Ne7 {[%clk 00:15:46]} {[%emt
00:00:29]} 32. h4 {[%clk 00:13:35]} {[%emt 00:01:30]} b6 {[%clk 00:13:51]}
{[%emt 00:02:00]} 33. g5+ {[%clk 00:12:11]} {[%emt 00:01:29]} hxg5 {[%clk
00:13:11]} {[%emt 00:00:44]} 34. hxg5+ {[%clk 00:11:30]} {[%emt 00:00:47]} Kg7
{[%clk 00:12:58]} {[%emt 00:00:17]} 35. Kf3 {[%clk 00:09:51]} {[%emt 00:01:44]}
Nf5 {[%clk 00:12:12]} {[%emt 00:00:52]} 36. Bxf5 {[%clk 00:09:18]} {[%emt
00:00:38]} exf5 {[%clk 00:12:09]} {[%emt 00:00:07]} 37. Ke3 {[%clk 00:08:43]}
{[%emt 00:00:41]} c5 {[%clk 00:11:23]} {[%emt 00:00:50]} 38. Kd3 {[%clk
00:07:52]} {[%emt 00:00:56]} Kf7 {[%clk 00:11:06]} {[%emt 00:00:21]} 39. c4
{[%clk 00:07:18]} {[%emt 00:00:40]} d4 {[%clk 00:10:57]} {[%emt 00:00:14]} 40.
c3 {[%clk 00:07:08]} {[%emt 00:00:15]} dxc3 {[%clk 00:10:30]} {[%emt 00:00:31]}
41. Kxc3 {[%clk 00:06:36]} {[%emt 00:00:37]} Kg6 {[%clk 00:10:06]} {[%emt
00:00:29]} 42. b4 {[%clk 00:06:07]} {[%emt 00:00:35]} Kf7 {[%clk 00:09:52]}
{[%emt 00:00:19]} 43. bxc5 {[%clk 00:05:49]} {[%emt 00:00:22]} bxc5 {[%clk
00:09:50]} {[%emt 00:00:08]} 44. Kb3 {[%clk 00:05:31]} {[%emt 00:00:23]} Kg6
{[%clk 00:09:32]} {[%emt 00:00:22]} 45. Ka4 {[%clk 00:05:23]} {[%emt 00:00:13]}
a6 {[%clk 00:09:19]} {[%emt 00:00:17]} 46. Ka5 {[%clk 00:05:20]} {[%emt
00:00:09]} Kf7 {[%clk 00:09:18]} {[%emt 00:00:07]} 47. Kxa6 {[%clk 00:05:17]}
{[%emt 00:00:08]} Ke6 {[%clk 00:09:17]} {[%emt 00:00:06]} 48. Kb7 {[%clk
00:04:47]} {[%emt 00:00:34]} Kf7 {[%clk 00:08:55]} {[%emt 00:00:27]} 49. a4
{[%clk 00:04:43]} {[%emt 00:00:10]} Kg6 {[%clk 00:08:53]} {[%emt 00:00:07]} 50.
a5 {[%clk 00:04:44]} {[%emt 00:00:04]} Kh5 {[%clk 00:08:53]} {[%emt 00:00:04]}
51. a6 {[%clk 00:04:47]} {[%emt 00:00:03]} Kg4 {[%clk 00:08:51]} {[%emt
00:00:07]} 52. a7 {[%clk 00:04:47]} {[%emt 00:00:05]} Kf3 {[%clk 00:08:50]}
{[%emt 00:00:05]} 53. a8=Q {[%clk 00:04:48]} {[%emt 00:00:05]} Ke3 {[%clk
00:08:49]} {[%emt 00:00:05]} 54. Qb8 {[%clk 00:04:31]} {[%emt 00:00:22]} Kd3
{[%clk 00:08:47]} {[%emt 00:00:07]} 55. Qg8 {[%clk 00:04:24]} {[%emt 00:00:11]}
Ke3 {[%clk 00:08:46]} {[%emt 00:00:08]} 56. g6 {[%clk 00:04:09]} {[%emt
00:00:19]} Kd3 {[%clk 00:08:45]} {[%emt 00:00:06]} 57. g7 {[%clk 00:03:53]}
{[%emt 00:00:22]} Ke2 {[%clk 00:08:43]} {[%emt 00:00:07]} 58. Qe6+ {[%clk
00:03:46]} {[%emt 00:00:12]} Kf3 {[%clk 00:08:43]} {[%emt 00:00:05]} 59. Qxf5
{[%clk 00:03:43]} {[%emt 00:00:08]} Ke3 {[%clk 00:08:43]} {[%emt 00:00:05]} 60.
g8=Q {[%clk 00:03:30]} {[%emt 00:00:18]} Kd2 {[%clk 00:08:41]} {[%emt
00:00:07]} 61. Qgd5+ {[%clk 00:03:29]} {[%emt 00:00:06]} Kc3 {[%clk 00:08:32]}
{[%emt 00:00:13]} 62. Qh3+ {[%clk 00:03:23]} {[%emt 00:00:11]} Kb4 {[%clk
00:08:30]} {[%emt 00:00:07]} 63. Qdd3 {[%clk 00:03:04]} {[%emt 00:00:24]} Ka5
{[%clk 00:08:22]} {[%emt 00:00:14]} 64. Qa3# {[%clk 00:03:03]} {[%emt
00:00:06]} 1-0

[Event "Deutscher Mix-Teampokal U12 2025"]
[Site "Bad Homburg GER"]
[Date "2025.07.20"]
[Round "5"]
[White "Özdemir, Anna Valentina"]
[Black "Lao, Theodora Siyuan"]
[Result "0-1"]
[Termination "normal"]
[Board "3.4"]
[WhiteElo "1557"]
[BlackElo "1493"]
[WhiteClock "00:14:26"]
[BlackClock "00:40:49"]
[WhiteTeam "Düsseldorfer SK 14/25"]
[BlackTeam "SK Bad Homburg 1927"]
[PlyCount "62"]
[WhiteFideId "34648712"]
[BlackFideId "34667547"]
[EventCountry "GER"]
[EventRounds "5"]
[EventType "team-swiss"]
[EventDate "2025.07.18"]

1. e4 {[%clk 00:55:08]} {[%emt 00:00:02]} e5 {[%clk 00:55:09]} {[%emt
00:00:02]} 2. Nf3 {[%clk 00:55:05]} {[%emt 00:00:07]} Nc6 {[%clk 00:55:10]}
{[%emt 00:00:04]} 3. d4 {[%clk 00:55:04]} {[%emt 00:00:06]} exd4 {[%clk
00:55:07]} {[%emt 00:00:09]} 4. Bc4 {[%clk 00:55:03]} {[%emt 00:00:05]} Nf6
{[%clk 00:55:03]} {[%emt 00:00:10]} 5. e5 {[%clk 00:55:03]} {[%emt 00:00:05]}
d5 {[%clk 00:54:54]} {[%emt 00:00:14]} 6. Bb5 {[%clk 00:55:01]} {[%emt
00:00:07]} Ne4 {[%clk 00:54:45]} {[%emt 00:00:14]} 7. Nxd4 {[%clk 00:54:52]}
{[%emt 00:00:13]} Bd7 {[%clk 00:54:39]} {[%emt 00:00:10]} 8. Bxc6 {[%clk
00:54:50]} {[%emt 00:00:08]} bxc6 {[%clk 00:54:37]} {[%emt 00:00:07]} 9. O-O
{[%clk 00:54:49]} {[%emt 00:00:07]} Bc5 {[%clk 00:54:31]} {[%emt 00:00:10]} 10.
Be3 {[%clk 00:54:45]} {[%emt 00:00:09]} Bb6 {[%clk 00:54:22]} {[%emt 00:00:15]}
11. f3 {[%clk 00:54:37]} {[%emt 00:00:12]} Ng5 {[%clk 00:54:13]} {[%emt
00:00:12]} 12. f4 {[%clk 00:54:33]} {[%emt 00:00:11]} Ne4 {[%clk 00:54:10]}
{[%emt 00:00:08]} 13. f5 {[%clk 00:53:26]} {[%emt 00:01:13]} c5 {[%clk
00:53:59]} {[%emt 00:00:16]} 14. Nf3 {[%clk 00:50:11]} {[%emt 00:02:56]} Bxf5
{[%clk 00:53:36]} {[%emt 00:00:51]} 15. Nfd2 {[%clk 00:48:29]} {[%emt
00:01:40]} Nxd2 {[%clk 00:53:21]} {[%emt 00:00:27]} 16. Qxd2 {[%clk 00:48:15]}
{[%emt 00:00:18]} Be4 {[%clk 00:52:44]} {[%emt 00:00:40]} 17. Qf2 {[%clk
00:47:20]} {[%emt 00:01:00]} O-O {[%clk 00:51:51]} {[%emt 00:01:02]} 18. Bxc5
{[%clk 00:46:32]} {[%emt 00:00:52]} Bxc5 {[%clk 00:51:38]} {[%emt 00:00:18]}
19. Qxc5 {[%clk 00:46:32]} {[%emt 00:00:06]} Qg5 {[%clk 00:50:25]} {[%emt
00:01:14]} 20. Rf2 {[%clk 00:43:45]} {[%emt 00:02:53]} Qc1+ {[%clk 00:49:45]}
{[%emt 00:00:43]} 21. Rf1 {[%clk 00:42:59]} {[%emt 00:00:55]} Qxb2 {[%clk
00:49:03]} {[%emt 00:00:47]} 22. Na3 {[%clk 00:39:19]} {[%emt 00:03:37]} Qxe5
{[%clk 00:48:22]} {[%emt 00:00:54]} 23. c4 {[%clk 00:36:43]} {[%emt 00:02:41]}
Qb2 {[%clk 00:46:31]} {[%emt 00:01:52]} 24. Qf2 {[%clk 00:31:28]} {[%emt
00:05:23]} Qxa3 {[%clk 00:45:55]} {[%emt 00:00:42]} 25. cxd5 {[%clk 00:30:37]}
{[%emt 00:00:56]} Bxd5 {[%clk 00:45:41]} {[%emt 00:00:19]} 26. Rac1 {[%clk
00:27:12]} {[%emt 00:03:30]} Qe7 {[%clk 00:44:23]} {[%emt 00:01:16]} 27. Qg3
{[%clk 00:25:54]} {[%emt 00:01:25]} c6 {[%clk 00:43:07]} {[%emt 00:01:26]} 28.
Rc3 {[%clk 00:23:48]} {[%emt 00:02:06]} f5 {[%clk 00:42:56]} {[%emt 00:00:22]}
29. Qf4 {[%clk 00:20:05]} {[%emt 00:03:37]} Qe4 {[%clk 00:41:35]} {[%emt
00:01:32]} 30. Qxe4 {[%clk 00:17:45]} {[%emt 00:02:28]} Bxe4 {[%clk 00:41:09]}
{[%emt 00:00:32]} 31. h3 {[%clk 00:14:26]} {[%emt 00:03:24]} Rab8 {[%clk
00:40:49]} {[%emt 00:00:21]} 0-1

[Event "Deutscher Mix-Teampokal U12 2025"]
[Site "Bad Homburg GER"]
[Date "2025.07.20"]
[Round "5"]
[White "Frikel, Konstantin"]
[Black "Shkabara, Roman"]
[Result "1-0"]
[Termination "normal"]
[Board "4.1"]
[WhiteElo "1359"]
[BlackElo "1387"]
[WhiteClock "00:19:46"]
[BlackClock "00:02:55"]
[WhiteTeam "SK Kelheim 1920"]
[BlackTeam "OSC Rheinhausen 04"]
[PlyCount "115"]
[WhiteFideId "533002266"]
[BlackFideId "533050724"]
[EventCountry "GER"]
[EventRounds "5"]
[EventType "team-swiss"]
[EventDate "2025.07.18"]

1. e4 {[%clk 00:55:08]} {[%emt 00:00:01]} e5 {[%clk 00:55:05]} {[%emt
00:00:05]} 2. Nf3 {[%clk 00:55:11]} {[%emt 00:00:02]} Nc6 {[%clk 00:55:05]}
{[%emt 00:00:05]} 3. d4 {[%clk 00:55:12]} {[%emt 00:00:04]} exd4 {[%clk
00:55:04]} {[%emt 00:00:06]} 4. Nxd4 {[%clk 00:55:14]} {[%emt 00:00:02]} Nf6
{[%clk 00:54:23]} {[%emt 00:00:46]} 5. Nxc6 {[%clk 00:55:01]} {[%emt 00:00:18]}
bxc6 {[%emt 00:00:07]} 6. e5 {[%clk 00:54:56]} {[%emt 00:00:07]} Nd5 {[%clk
00:53:24]} {[%emt 00:01:05]} 7. c4 {[%clk 00:54:54]} {[%emt 00:00:08]} Nb6
{[%clk 00:52:59]} {[%emt 00:00:30]} 8. b3 {[%clk 00:54:48]} {[%emt 00:00:12]}
Bb4+ {[%clk 00:52:44]} {[%emt 00:00:19]} 9. Nd2 {[%clk 00:54:43]} {[%emt
00:00:10]} d6 {[%clk 00:52:11]} {[%emt 00:00:39]} 10. exd6 {[%clk 00:53:58]}
{[%emt 00:00:50]} cxd6 {[%clk 00:52:02]} {[%emt 00:00:14]} 11. Bb2 {[%clk
00:53:55]} {[%emt 00:00:08]} O-O {[%clk 00:51:48]} {[%emt 00:00:19]} 12. Be2
{[%clk 00:53:07]} {[%emt 00:00:53]} Qg5 {[%clk 00:50:22]} {[%emt 00:01:29]} 13.
g3 {[%clk 00:50:45]} {[%emt 00:02:29]} Bb7 {[%emt 00:01:32]} 14. a3 {[%clk
00:50:26]} {[%emt 00:00:22]} Bxd2+ {[%clk 00:45:07]} {[%emt 00:03:54]} 15. Qxd2
{[%clk 00:50:23]} {[%emt 00:00:08]} Qxd2+ {[%clk 00:45:03]} {[%emt 00:00:10]}
16. Kxd2 {[%clk 00:50:17]} {[%emt 00:00:11]} c5 {[%clk 00:44:44]} {[%emt
00:00:23]} 17. Rhe1 {[%clk 00:50:14]} {[%emt 00:00:08]} Rfe8 {[%clk 00:44:10]}
{[%emt 00:00:39]} 18. Bg4 {[%clk 00:49:03]} {[%emt 00:01:16]} h6 {[%clk
00:43:19]} {[%emt 00:00:56]} 19. Rad1 {[%clk 00:48:15]} {[%emt 00:00:51]} a5
{[%clk 00:39:42]} {[%emt 00:03:43]} 20. a4 {[%clk 00:47:07]} {[%emt 00:01:13]}
d5 {[%clk 00:38:13]} {[%emt 00:01:34]} 21. Bf3 {[%clk 00:46:13]} {[%emt
00:00:59]} Rxe1 {[%clk 00:36:29]} {[%emt 00:01:49]} 22. Rxe1 {[%clk 00:46:12]}
{[%emt 00:00:06]} Rd8 {[%clk 00:36:13]} {[%emt 00:00:20]} 23. cxd5 {[%clk
00:44:24]} {[%emt 00:01:52]} Bxd5 {[%clk 00:35:55]} {[%emt 00:00:24]} 24. Bxd5
{[%clk 00:44:16]} {[%emt 00:00:13]} Rxd5+ {[%clk 00:35:50]} {[%emt 00:00:10]}
25. Kc1 {[%clk 00:42:48]} {[%emt 00:01:34]} Kf8 {[%clk 00:34:59]} {[%emt
00:00:55]} 26. g4 {[%clk 00:39:58]} {[%emt 00:02:56]} h5 {[%clk 00:31:05]}
{[%emt 00:03:59]} 27. Re4 {[%clk 00:36:16]} {[%emt 00:03:46]} hxg4 {[%clk
00:29:00]} {[%emt 00:02:10]} 28. Rxg4 {[%clk 00:36:14]} {[%emt 00:00:08]} g6
{[%clk 00:26:35]} {[%emt 00:02:30]} 29. Bc3 {[%clk 00:35:13]} {[%emt 00:01:05]}
c4 {[%clk 00:25:49]} {[%emt 00:00:51]} 30. bxc4 {[%clk 00:35:10]} {[%emt
00:00:08]} Rc5 {[%clk 00:25:28]} {[%emt 00:00:25]} 31. Kc2 {[%clk 00:28:49]}
{[%emt 00:06:26]} Nxa4 {[%clk 00:18:49]} {[%emt 00:06:44]} 32. Re4 {[%clk
00:25:31]} {[%emt 00:03:23]} f5 {[%clk 00:15:31]} {[%emt 00:03:23]} 33. Rd4
{[%clk 00:23:07]} {[%emt 00:02:29]} Ke7 {[%clk 00:14:39]} {[%emt 00:00:57]} 34.
Kb3 {[%clk 00:23:00]} {[%emt 00:00:11]} Nb6 {[%clk 00:13:55]} {[%emt 00:00:47]}
35. Bb2 {[%clk 00:22:27]} {[%emt 00:03:46]} g5 {[%clk 00:13:12]} {[%emt
00:00:31]} 36. Ba3 {[%clk 00:22:21]} {[%emt 00:00:11]} Nd7 {[%clk 00:12:19]}
{[%emt 00:00:58]} 37. Rxd7+ {[%clk 00:21:46]} {[%emt 00:00:40]} Kxd7 {[%clk
00:12:07]} {[%emt 00:00:17]} 38. Bxc5 {[%clk 00:21:49]} {[%emt 00:00:03]} Kc6
{[%clk 00:11:43]} {[%emt 00:00:28]} 39. Bd4 {[%clk 00:21:34]} {[%emt 00:00:21]}
Kb7 {[%clk 00:11:18]} {[%emt 00:00:29]} 40. Ka4 {[%clk 00:21:28]} {[%emt
00:00:11]} g4 {[%clk 00:09:35]} {[%emt 00:01:48]} 41. Kxa5 {[%clk 00:21:17]}
{[%emt 00:00:17]} Kc6 {[%clk 00:09:19]} {[%emt 00:00:19]} 42. Ka6 {[%clk
00:21:04]} {[%emt 00:00:19]} f4 {[%clk 00:08:27]} {[%emt 00:00:58]} 43. Ka5
{[%clk 00:20:44]} {[%emt 00:00:25]} f3 {[%clk 00:07:49]} {[%emt 00:00:43]} 44.
Ka6 {[%clk 00:20:40]} {[%emt 00:00:08]} Kc7 {[%clk 00:07:29]} {[%emt 00:00:24]}
45. Kb5 {[%clk 00:20:37]} {[%emt 00:00:09]} Kd7 {[%clk 00:07:13]} {[%emt
00:00:18]} 46. Kc5 {[%clk 00:20:36]} {[%emt 00:00:10]} Ke6 {[%clk 00:04:27]}
{[%emt 00:02:51]} 47. Kb6 {[%clk 00:20:30]} {[%emt 00:00:12]} Kf5 {[%clk
00:04:23]} {[%emt 00:00:08]} 48. c5 {[%clk 00:20:27]} {[%emt 00:00:07]} Ke4
{[%clk 00:04:15]} {[%emt 00:00:13]} 49. Be3 {[%clk 00:20:26]} {[%emt 00:00:06]}
Kd5 {[%clk 00:03:56]} {[%emt 00:00:24]} 50. c6 {[%clk 00:20:20]} {[%emt
00:00:10]} Kd6 {[%clk 00:03:56]} {[%emt 00:00:04]} 51. c7 {[%clk 00:20:12]}
{[%emt 00:00:15]} Kd7 {[%clk 00:03:58]} {[%emt 00:00:02]} 52. Kb7 {[%clk
00:20:12]} {[%emt 00:00:06]} Ke6 {[%clk 00:03:21]} {[%emt 00:00:42]} 53. c8=Q+
{[%clk 00:20:10]} {[%emt 00:00:06]} Kf7 {[%clk 00:03:16]} {[%emt 00:00:10]} 54.
Qc6 {[%clk 00:20:00]} {[%emt 00:00:15]} g3 {[%clk 00:02:55]} {[%emt 00:00:27]}
55. hxg3 {[%clk 00:19:54]} {[%emt 00:00:11]} Kg8 {[%clk 00:02:56]} {[%emt
00:00:03]} 56. Qd7 {[%clk 00:19:48]} {[%emt 00:00:12]} Kh8 {[%clk 00:02:53]}
{[%emt 00:00:07]} 57. Bd4+ {[%clk 00:19:46]} {[%emt 00:00:08]} Kg8 {[%clk
00:02:55]} {[%emt 00:00:03]} 58. Qg7+ {[%clk 00:19:46]} {[%emt 00:00:06]} 1-0